000 00932nam a2200253Ia 4500
003 GCL
008 140319s9999 xx 000 0 ara d
020 _a2496232977
040 _aGCL /
_cGCL
082 0 4 _a370.152
_bم ت
100 1 _aمجدى عزيز ابراهيم
245 1 0 _aتنمية تفكير المعلمين والمتعلمين ضرورة تربوية فى عصر المعلومات /
_cمجدى عزيز ابراهيم
250 _aالاولى
260 _aالقاهرة :
_bعالم الكتب ،
_c2006
300 _a378 ص ؛
_c24 سم
490 _aسلسلة التفكير والتعليم والتعلم
_v4
650 0 4 _aالتفكير
650 0 4 _aالذكاء
650 0 4 _aالوسائل التعليمية
650 0 4 _aالتفكير - تنمية
650 0 4 _aالتفكير - عصر المعلومات
650 0 4 _aالتدريس - التنمية المهنية
942 _2ddc
_cBK
999 _c9716
_d9716